Statistics for Capital city's to country Part 1

Click here to take the quiz!

General Stats

  • This quiz has been taken 95 times
  • The average score is 14 of 15

Answer Stats

HintAnswer% Correct
LondonUK
99%
Washington D.CUSA
97%
TokyoJapan
96%
MoscowRussia
96%
KyivUkraine
96%
Buenos AiresArgentina
94%
BeijingChina
94%
MadridSpain
94%
BrasiliaBrazil
93%
BerlinGermany
93%
New DelhiIndia
92%
WellingtonNew Zealand
90%
ParisFrance
89%
OttawaCanada
85%
CanberraAustralia
79%

Score Distribution

Percentile by Number Answered

Percent of People with Each Score

Your Score History

You have not taken this quiz